000 02302cam a2200313 4500500
005 20260111142257.0
041 _afre
042 _adc
100 1 0 _aChevalier, Clara
_eauthor
245 0 0 _aApaiser l’émeute : analyse d’un schéma narratif
260 _c2021.
500 _a27
520 _aEn entendant « réprimer » au sens qui est d’abord le sien au 18e siècle, celui de « contenir », cet article traite d’un type de réponse à l’émeute consistant en tentatives d’« apaisement » – selon le mot des sources – de la part des autorités. L’analyse de récits d’interventions d’apaisement présentées comme exemplaires – dans le Traité de la police de Delamare et dans des écrits sur l’action du maréchal de Boufflers à Paris en 1709 – permet de faire apparaître les principaux traits d’un schéma narratif. Celui-ci renvoie à un modèle de maintien de l’ordre fondé sur l’autorité et la perfection morale associées aux magistrats, qui demeure valorisé tout au long du siècle.
520 _aUnderstanding « to repress » in its original eighteenth-century sense of « to contain », this article studies the type of response to protests consisting of attempts at ‘appeasement’ – to use the source word – on the part of the authorities. Essential features of a narrative outline clearly emerge from an analysis of the accounts of appeasing interventions considered as exemplary – in the Treatise on Police by Delamare and in the writings of Maréchal de Boufflers’s actions in Paris in 1709. The outline reveals a model of maintenance of order, valid throughout the eighteenth century, based on the authority and the moral perfection associated with magistrates.
690 _a18
690 _ae
690 _ainterventions d’apaisement
690 _amouvements populaires
690 _aParis
690 _arépression
690 _asiècle
690 _aappeasing interventions
690 _aeighteenth-century
690 _aParis
690 _apopular movements
690 _arepression
786 0 _nDix-huitième siècle | 53 | 1 | 2021-06-28 | p. 107-125 | 0070-6760
856 4 1 _uhttps://shs.cairn.info/revue-dix-huitieme-siecle-2021-1-page-107?lang=fr&redirect-ssocas=7080
999 _c1635861
_d1635861